[Event "La Fere op 10th"]
[Site "La Fere"]
[Date "2011.07.09"]
[Round "9.13"]
[White "Pingue, Renaud"]
[Black "Hutin, Evgueny"]
[Result "1-0"]
[WhiteElo "1989"]
[BlackElo "1923"]
[PlyCount "39"]
[EventDate "2011.07.02"]
[EventType "swiss"]
[EventRounds "9"]
[EventCountry "FRA"]
[SourceTitle "EXT 2012"]
[Source "ChessBase"]
[SourceDate "2011.11.24"]
[SourceVersion "1"]
[SourceVersionDate "2011.11.24"]
[SourceQuality "1"]

1. e4 c5 2. Nf3 e6 3. d4 cxd4 4. Nxd4 Nc6 5. Nc3 Qc7 6. Be3 Nf6 7. Bd3 a6 8. 0-0 Be7 9. Kh1 0-0 10. f4 d6 11. Qf3 Bd7 12. Rae1 Nxd4 13. Bxd4 e5 14. Be3 Bc6 15. Nd5 Nxd5 16. exd5 Bb5 17. c4 Bd7 18. fxe5 dxe5 19. c5 Qa5 20. d6 1-0

[Event "La Fere op 10th"]
[Site "La Fere"]
[Date "2011.07.08"]
[Round "8.17"]
[White "Oprandi, William"]
[Black "Pingue, Renaud"]
[Result "0-1"]
[WhiteElo "1779"]
[BlackElo "1989"]
[PlyCount "52"]
[EventDate "2011.07.02"]
[EventType "swiss"]
[EventRounds "9"]
[EventCountry "FRA"]
[SourceTitle "EXT 2012"]
[Source "ChessBase"]
[SourceDate "2011.11.24"]
[SourceVersion "1"]
[SourceVersionDate "2011.11.24"]
[SourceQuality "1"]

1. d4 d5 2. c4 c6 3. Nf3 Nf6 4. Nc3 e6 5. e3 Nbd7 6. Qc2 Bd6 7. Be2 0-0 8. 0-0 b6 9. b3 Bb7 10. Rd1 Qe7 11. Bb2 Rac8 12. Rac1 c5 13. cxd5 exd5 14. Qd2 Rfd8 15. dxc5 Nxc5 16. Bd3 Nce4 17. Bxe4 dxe4 18. Nd4 Ng4 19. h3 Ne5 20. Nf5 Qg5 21. Ng3 Nf3+ 22. gxf3 Bxg3 23. Qe1 Bb8+ 24. Kh1 exf3 25. Qg1 Qh4 26. Qf1 Ba6 0-1

[Event "FRA-ch Accession"]
[Site "Besancon"]
[Date "2006.08.22"]
[Round "7"]
[White "Le, Samuel"]
[Black "Pingue, Renaud"]
[Result "0-1"]
[WhiteElo "1937"]
[BlackElo "1932"]
[PlyCount "56"]
[EventDate "2006.08.15"]
[EventType "swiss"]
[EventRounds "10"]
[EventCountry "FRA"]
[SourceTitle "CBM 113 Extra"]
[Source "ChessBase"]
[SourceDate "2006.09.14"]
[SourceVersion "1"]
[SourceVersionDate "2006.09.14"]
[SourceQuality "1"]

1. e4 e5 2. Nf3 Nc6 3. Bc4 Bc5 4. 0-0 Nf6 5. d4 exd4 6. e5 d5 7. exf6 dxc4 8. Re1+ Be6 9. Ng5 Qd5 10. Nc3 Qf5 11. Nce4 Bb6 12. g4 Qg6 13. Nxe6 fxe6 14. f7+ Kd7 15. Ng5 e5 16. f4 h6 17. f5 Qf6 18. Ne6 Qxf7 19. a4 a5 20. Qf3 Rae8 21. Qd5+ Kc8 22. Qxc4 g6 23. Rf1 gxf5 24. gxf5 Nd8 25. b4 Nxe6 26. bxa5 Bxa5 27. Qb5 Bc3 28. fxe6 Qg6+ 0-1

[Event "Rohde op 05th"]
[Site "Sautron"]
[Date "2005.10.24"]
[Round "3"]
[White "Pingue, Renaud"]
[Black "Prasad, Devaki V"]
[Result "0-1"]
[WhiteElo "1916"]
[BlackElo "2401"]
[PlyCount "70"]
[EventDate "2005.10.22"]
[EventType "swiss"]
[EventRounds "9"]
[EventCountry "FRA"]
[SourceTitle "EXT 2006"]
[Source "ChessBase"]
[SourceDate "2005.11.24"]
[SourceVersion "1"]
[SourceVersionDate "2005.11.24"]
[SourceQuality "1"]

1. e4 c5 2. Nf3 d6 3. d4 cxd4 4. Nxd4 Nf6 5. Nc3 a6 6. Be3 e6 7. g4 h6 8. Qf3 Nbd7 9. Qh3 Nc5 10. f3 e5 11. Nf5 g6 12. Ng3 Ne6 13. Qg2 b5 14. Nd5 Nxd5 15. exd5 Nf4 16. Qd2 Bg7 17. a4 Bb7 18. axb5 Nxd5 19. bxa6 0-0 20. Ra3 Nxe3 21. Qxe3 Bc6 22. b4 d5 23. b5 d4 24. Qb3 Bd5 25. Bc4 Bxc4 26. Qxc4 Qb6 27. Kd2 Rfc8 28. Qd3 Rc3 29. Qe4 Ra7 30. Raa1 Qxb5 31. Rhb1 Qc4 32. Rb6 Rc7 33. Rb2 Re3 34. Qa8+ Kh7 35. Kd1 Qc5 0-1

[Event "Creon op 10th"]
[Site "Creon"]
[Date "2005.08.07"]
[Round "9"]
[White "Saucey, Michel"]
[Black "Pingue, Renaud"]
[Result "1-0"]
[WhiteElo "2336"]
[BlackElo "1927"]
[PlyCount "47"]
[EventDate "2005.08.01"]
[EventType "swiss"]
[EventRounds "9"]
[EventCountry "FRA"]
[SourceTitle "CBM 107 Extra"]
[Source "ChessBase"]
[SourceDate "2005.09.01"]
[SourceVersion "1"]
[SourceVersionDate "2005.09.01"]
[SourceQuality "1"]

1. d4 d5 2. c4 c6 3. Nf3 Nf6 4. Nc3 e6 5. e3 Nbd7 6. Bd3 dxc4 7. Bxc4 b5 8. Bd3 a6 9. e4 c5 10. e5 cxd4 11. Nxb5 Nxe5 12. Nxe5 axb5 13. 0-0 Qd5 14. Qe2 Rb8 15. Bg5 Bd6 16. f4 h6 17. Bh4 g5 18. Bg3 Rg8 19. f5 Ke7 20. Rae1 h5 21. Qf2 Ng4 22. Nxg4 hxg4 23. fxe6 Bxe6 24. Qxf7+ 1-0